Pháp luật về chống thất thu thuế xuất, nhập khẩu xăng dầu : Luận văn Thạc sĩ Luật học. Chuyên ngành Luật Kinh tế

Đề tài hệ thống hóa một số vấn đề cơ bản về thuế và quản lý thu thuế xuất, nhập khẩu xăng dầu, phân tích đánh giá thực trạng thu thuế xuất nhập khẩu xăng dầu trong thời gian qua, tìm hiểu nguyên nhân thất thu thuế xuất nhập khẩu...

全面介紹

Đã lưu trong:
書目詳細資料
主要作者: Cao, Thanh Thùy
格式: 圖書
語言:Undetermined
出版: Cần Thơ Trường Đại Học Cần Thơ 2015
主題:
標簽: 添加標簽
沒有標簽, 成為第一個標記此記錄!
Thư viện lưu trữ: Trung tâm Học liệu Trường Đại học Cần Thơ
LEADER 01300nam a2200229Ia 4500
001 CTU_203946
008 210402s9999 xx 000 0 und d
082 |a 343.597056 
082 |b Th523 
100 |a Cao, Thanh Thùy 
245 0 |a Pháp luật về chống thất thu thuế xuất, nhập khẩu xăng dầu : 
245 0 |b Luận văn Thạc sĩ Luật học. Chuyên ngành Luật Kinh tế 
245 0 |c Cao Thanh Thùy ; Lê Thị Nguyệt Châu (Cán bộ hướng dẫn) 
260 |a Cần Thơ 
260 |b Trường Đại Học Cần Thơ 
260 |c 2015 
520 |a Đề tài hệ thống hóa một số vấn đề cơ bản về thuế và quản lý thu thuế xuất, nhập khẩu xăng dầu, phân tích đánh giá thực trạng thu thuế xuất nhập khẩu xăng dầu trong thời gian qua, tìm hiểu nguyên nhân thất thu thuế xuất nhập khẩu xăng dầu. 
650 |a Tariff,Thuế xuất nhập khẩu 
650 |x Law and legislation,Luật và văn bản quy phạm pháp luật 
650 |z Vietnam,Việt Nam 
904 |i Hải 
980 |a Trung tâm Học liệu Trường Đại học Cần Thơ